| 000 | 00554nam a2200181Ia 4500 | ||
|---|---|---|---|
| 008 | 130821s1984 sp gr spa | ||
| 040 |
_aCo-BoUCM _bspa |
||
| 041 | _aspa | ||
| 100 |
_aHirdt, Willi _9155372 |
||
| 245 |
_aEnsayos sobre narrativa francesa contemporánea _cWilli Hirdt |
||
| 260 |
_aBarcelona (España) _bAlfa _c1984 |
||
| 300 | _a149 páginas | ||
| 490 | _aEstudios Alemanes | ||
| 650 | 0 | 4 |
_aLiteratura francesa _97794 |
| 650 | 0 | 4 |
_aNovela francesa _920506 |
| 942 |
_cLIBRO _a18 _e1 _mH47 _2DEWEY _h844 |
||
| 999 |
_c5619 _d5619 |
||